| 000 | 00449nam a2200181Ia 4500 | ||
|---|---|---|---|
| 005 | 20250603145215.0 | ||
| 008 | 250603s9999 xx 000 0 und d | ||
| 020 | _a9780071835886 | ||
| 050 | _aQA 76.73 .M36/ | ||
| 100 | _aManico Jim, ... [et al.] | ||
| 245 | 0 | _aIron cllad Java : building secure web applications | |
| 260 | _aNew York | ||
| 260 | _bOracle Press | ||
| 260 | _c2015 | ||
| 300 | _a282 p | ||
| 650 | _aNew York | ||
| 942 | _cBK | ||
| 999 |
_c41188 _d41188 |
||